Malayalathile Kadalkkavithakal (Record no. 120344)

MARC details
000 -LEADER
fixed length control field 00461nam a2200133Ia 4500
008 - FIXED-LENGTH DATA ELEMENTS--GENERAL INFORMATION
fixed length control field 211119s9999||||xx |||||||||||||| ||und||
082 ## - DEWEY DECIMAL CLASSIFICATION NUMBER
Classification number 894.812 1
Item number NAR-M
100 ## - MAIN ENTRY--PERSONAL NAME
Personal name Narayanan, P M
245 #0 - TITLE STATEMENT
Title Malayalathile Kadalkkavithakal
260 ## - PUBLICATION, DISTRIBUTION, ETC.
Name of publisher, distributor, etc. Chintha Publishers
Place of publication, distribution, etc. Thiruvananthapuram
Date of publication, distribution, etc. 2010
300 ## - PHYSICAL DESCRIPTION
Extent 120p.
650 ## - SUBJECT ADDED ENTRY--TOPICAL TERM
Topical term or geographic name entry element Literature & rhetoric
942 ## - ADDED ENTRY ELEMENTS (KOHA)
Koha item type BOOK
650 ## - SUBJECT ADDED ENTRY--TOPICAL TERM
Form subdivision Literatures of other languagesAltaic, Uralic, Hyperborean & Dravidian Malayalam
General subdivision General Stack
Holdings
Withdrawn status Lost status Source of classification or shelving scheme Damaged status Not for loan Home library Current library Date acquired Cost, normal purchase price Full call number Barcode Shelving location Date last seen Price effective from Koha item type
    Dewey Decimal Classification     SB LIBRARY SB LIBRARY 19/11/2021 80.00 894.8121 NAR-M 00133834 GENERAL STACK 19/11/2021 19/11/2021 BOOK

Powered by Koha